[Event "JBLN Ost 0001"]
[Site "Germany"]
[Date "2001.03.17"]
[Round "?"]
[White "Von Muellern, Christoph"]
[Black "Jobusch, Christoph"]
[Result "1/2-1/2"]
[WhiteElo "1221"]
[BlackElo "1071"]
[PlyCount "113"]
[EventDate "2000.??.??"]
[EventType "team"]
[EventRounds "9"]
[EventCountry "GER"]
[SourceTitle "EXT 2003"]
[Source "ChessBase"]
[SourceDate "2002.11.25"]
[SourceVersion "1"]
[SourceVersionDate "2002.11.25"]
[SourceQuality "1"]

1. e4 e6 2. d4 d5 3. Nd2 c5 4. exd5 exd5 5. Ngf3 Bg4 6. Be2 Nc6 7. Nb3 c4 8. Nbd2 Bd6 9. b3 b5 10. 0-0 Nf6 11. a4 a6 12. Ba3 b4 13. Bc1 c3 14. Nb1 0-0 15. Be3 Bc7 16. Qd3 Ne4 17. Ne1 Qh4 18. g3 Bxe2 19. Qxe2 Qh3 20. f3 Nxg3 21. hxg3 Qxg3+ 22. Qg2 Qxg2+ 23. Kxg2 Rfe8 24. Kf2 Re6 25. Nd3 a5 26. Nc5 Re7 27. Rd1 Rae8 28. Rd3 Bg3+ 29. Kxg3 Rxe3 30. Nxc3 Rxd3 31. Nxd3 bxc3 32. Nf4 Nxd4 33. Nxd5 Nxc2 34. Rc1 Nd4 35. Nxc3 Nxb3 36. Rb1 Nd4 37. Rd1 Nf5+ 38. Kf4 g6 39. Rd5 Ra8 40. Ne4 Ne7 41. Rd7 Nc8 42. Ng5 Nb6 43. Rxf7 Rf8 44. Rxf8+ Kxf8 45. Nxh7+ Kg7 46. Ng5 Nxa4 47. Ne6+ Kf6 48. Nd4 Nc5 49. Nb5 a4 50. Na3 g5+ 51. Kg4 Nd7 52. f4 Nf8 53. fxg5+ Kg6 54. Kf4 Ne6+ 55. Ke4 Kxg5 56. Kd5 Kf5 57. Kc4 1/2-1/2

[Event "JBLN Ost 0001"]
[Site "Germany"]
[Date "2000.11.04"]
[Round "?"]
[White "Drescher, Markus"]
[Black "Jobusch, Christoph"]
[Result "1-0"]
[WhiteElo "1388"]
[BlackElo "1071"]
[PlyCount "69"]
[EventDate "2000.??.??"]
[EventType "team"]
[EventRounds "9"]
[EventCountry "GER"]
[SourceTitle "EXT 2003"]
[Source "ChessBase"]
[SourceDate "2002.11.25"]
[SourceVersion "1"]
[SourceVersionDate "2002.11.25"]
[SourceQuality "1"]

1. e4 e6 2. d4 d5 3. exd5 exd5 4. Bd3 Bd6 5. Nc3 Nf6 6. Nf3 0-0 7. 0-0 Re8 8. Bg5 c6 9. Re1 Rxe1+ 10. Qxe1 Be6 11. Qd2 Nbd7 12. Re1 Qc7 13. h3 Re8 14. Ne2 Ne4 15. Qc1 f5 16. Bf4 Ndf6 17. Bxd6 Qxd6 18. Ne5 c5 19. c3 Rc8 20. Qe3 Nd7 21. f3 Nef6 22. Nf4 Re8 23. Bb5 Re7 24. Nxd7 Nxd7 25. Bxd7 Qxd7 26. Nxe6 Qe8 27. Qe5 Qf7 28. Kf2 c4 29. Qxd5 h6 30. Re5 Rd7 31. Qxc4 Kh7 32. Qd3 g6 33. Nc5 Qf6 34. Nxd7 Qh4+ 35. Kf1 1-0